'Weight' a Minute Quiz Stats

 Plays Quiz Updated Mar 10, 2020

Support Sporcle.
Go Orange.
Score 0/45 Timer 03:00
0 Plays Today
Unit Mass, Time, or Neither? % Correct
Gram???
84.6%
Ounce???
84.6%
Pound???
83%
Ton???
82.9%
Minute???
81%
Century???
80.8%
Stone???
80.4%
Fortnight???
79.4%
Grain???
74.9%
Jiffy???
73.5%
Moment???
72.7%
Carat???
69.1%
Aeon???
67.1%
Joule???
63.1%
Dram???
62.9%
Radian???
60.5%
Henry???
59.3%
Warhol???
58.8%
Scoville???
57.6%
Candela???
55.3%
Watch???
55.1%
Slug???
54.8%
Hand???
51.2%
Unit Mass, Time, or Neither? % Correct
Sheppey???
50.1%
Stadia???
46.7%
Thaum???
44.5%
Stere???
42.1%
Wheaton???
42.1%
Olympiad???
42%
Cubit???
40.3%
Shekel???
36.2%
Millihelen???
35.4%
Barleycorn???
33.6%
Grave???
32.4%
Scruple???
31.9%
Momme???
31.7%
Talent???
31.1%
Zentner???
25.8%
Ayana???
20.7%
Nindina???
20.5%
Lustrum???
19.8%
Ke???
19%
Kuru???
18.7%
Gesh???
18.4%
Pal???
15.1%

You're not logged in!

Compare scores with friends on all Sporcle quizzes.
OR
Log In

From the Vault

Asia by Capital

by Derek

I'd like to believe that quizzes like this come in handy when traveling abroad and you want to get some street cred with the locals.
Remove Ads.
Support Sporcle.
Get the best of Sporcle when you Go Orange. This ad-free experience offers more features, more stats, and more fun while also helping to support Sporcle. Thank you for becoming a member.

Show Comments

Extras

Top Quizzes Today


Score Distribution

Your Account Isn't Verified!

In order to create a playlist on Sporcle, you need to verify the email address you used during registration. Go to your Sporcle Settings to finish the process.

Report this User

Report this user for behavior that violates our Community Guidelines.

Details: